La Mosquitia nicaragüense: barticulación de una formación precapitalista. Su historia (parte I) /
Guardat en:
| Autor principal: | |
|---|---|
| Format: | Text |
| Idioma: | Spanish |
| Etiquetes: |
Afegir etiqueta
Sense etiquetes, Sigues el primer a etiquetar aquest registre!
|
MARC
| LEADER | 00000 a a2200000 04500 | ||
|---|---|---|---|
| 003 | cru CRAI/IIS | ||
| 005 | 20210511140324.0 | ||
| 008 | 210511b |||||||| |||| 00| 0 spa d | ||
| 040 | |c cru CRAI/IIS | ||
| 100 | 1 | |a Jenkins Molieri, Jorge |9 9967 |e Autor | |
| 245 | 1 | 3 | |a La Mosquitia nicaragüense: |b barticulación de una formación precapitalista. Su historia (parte I) / |c Jorge Jenkins Molieri |
| 300 | |a páginas 9-53 | ||
| 500 | |a Colección Centroamérica | ||
| 773 | 0 | |0 18875 |9 5355 |a Universidad de Costa Rica. |d San José, Costa Rica: Universidad de Costa Rica. Consejo Superior Universitario Centroamericano, 1972- |o 14361 |t Estudios Sociales Centroamericanos / |x 03039676 | |
| 942 | |2 ddc |c PP | ||
| 999 | |c 43666 |d 43666 | ||
